| 000 | 00375nam a2200145Ia 4500 | ||
|---|---|---|---|
| 008 | 230917s9999||||xx |||||||||||||| ||und|| | ||
| 040 |
_e64858 _aMAIN |
||
| 041 | _aEnglish | ||
| 082 | _a519.5 Q25G:N | ||
| 100 | _aGibbons, Jean Dickinson | ||
| 245 | 0 | _aNonparametri measures of association | |
| 260 |
_aLondon _bSage Publications _c1993 |
||
| 300 | _avi, 96 p. | ||
| 942 | _cBK | ||
| 999 |
_c78269 _d78269 |
||